000 00355nam a22001457a 4500
003 OSt
008 240401b |||||||| |||| 00| 0 eng d
020 _a9788175993488
100 _aCARNEGIE, DALE
245 _aHOW TO WIN FRIENDS & INFULENCE PEOPLE
260 _aNew Delhi
_bParkash Books
_c2020
300 _a278
650 _aGeneral
942 _2ddc
_cREF
999 _c12355
_d12355